सिर्फ समाचार (Record no. 3496)

MARC details
000 -LEADER
fixed length control field 01404 a2200241 4500
005 - DATE AND TIME OF LATEST TRANSACTION
control field 20080911145515.0
008 - FIXED-LENGTH DATA ELEMENTS--GENERAL INFORMATION
fixed length control field 080911t xxu||||| |||| 00| 0 hin d
010 ## - LIBRARY OF CONGRESS CONTROL NUMBER
LC control number HIN-79707
020 ## - INTERNATIONAL STANDARD BOOK NUMBER
Terms of availability 175.00
035 ## - SYSTEM CONTROL NUMBER
System control number HN-52053
037 ## - SOURCE OF ACQUISITION
Source of stock number/acquisition D.B.Act / pub
082 ## - DEWEY DECIMAL CLASSIFICATION NUMBER
Classification number 070.172
100 ## - MAIN ENTRY--PERSONAL NAME
Personal name चोपड़ा, धनंजय
245 ## - TITLE STATEMENT
Title सिर्फ समाचार
Statement of responsibility, etc धनंजय चोपड़ा
246 ## - VARYING FORM OF TITLE
Title proper/short title Sirf Samachar
Remainder of title by Dhananjai Chopra
260 ## - PUBLICATION, DISTRIBUTION, ETC. (IMPRINT)
Place of publication, distribution, etc इलाहाबाद
Name of publisher, distributor, etc इंस्टीट्यूट ऑफ प्रोफेसनल स्टडीज
Date of publication, distribution, etc 2006
260 ## - PUBLICATION, DISTRIBUTION, ETC. (IMPRINT)
Place of publication, distribution, etc नई दिल्ली
Name of publisher, distributor, etc (वितरक) वाणी प्रकाशन
270 ## - ADDRESS
Address इंस्टीट्यूट ऑफ प्रोफेसनल स्टडीज
City इलाहाबाद विश्वविद्यालय
State or province इलाहाबाद
270 ## - ADDRESS
Address 21-ए,दरियागंज
City नई दिल्ली
Postal code 110 002
Telephone number 011-23273167
Fax number 011-23275710
Electronic mail address e-mail :vani_parkashan@yahoo.com
300 ## - PHYSICAL DESCRIPTION
Extent 103पृ
Dimensions 22 सेमी (सजिल्द)
942 ## - ADDED ENTRY ELEMENTS (KOHA)
Institution code [OBSOLETE] dpl
Koha item type Hindi Books
Call number prefix 070.172 / चोपड़ा
Source of classification or shelving scheme Dewey Decimal Classification
Classification part 070.172
Call number suffix चोपड़ा
Holdings
Withdrawn status Lost status Damaged status Not for loan Home library Current library Date acquired Cost, normal purchase price Total Checkouts Full call number Barcode Date last seen Copy number Uniform Resource Identifier Cost, replacement price Price effective from Koha item type
        D.B.Act.Division D.B.Act.Division 11/09/2008 175.00   070.172 चोपड़ा HN-52053 15/09/2008 1 3722 175.00 15/09/2008 Hindi Books

© Delhi Public Library
Hit Counter
free hit counter